Управлінський облік (Запис № 355866)

МАРК-запис
000 -Лідер
fixed length control field 02646nam a22003017a 4500
003 - Ідентифікатор контрольного номера
control field UA-OsUOA
001 - Контрольний номер
control field 69595
007 - Фіксоване поле фізичного опису
fixed length control field ta
008 - Елементи даних фіксованої довжини – загальна інформація
fixed length control field 20100629b un ||||| |||| 00| 0 ukr d
090 ## - Локальний шифр розміщення
Класифікаційний індекс УДК 657.15(075.8)
Авторський знак (НП) Л46
040 ## - Джерело каталогізації
Агенція оригінальної каталогізації UA-OsUOA
Мова каталогізації ukr
Агенція, яка здійснювала перезапис UA-OsUOA
Агенція, яка здійснювала модифікацію UA-OsUOA
041 ## - Код мови
Код мови тексту/ звукової доріжки чи окремого заголовка (П) ukr
080 ## - Індекс Універсальної десяткової класифікації
Індекс Універсальної десяткової класифікації (УДК) (НП) 657.15(075.8)
020 ## - Міжнародний стандартний книжковий номер (ISBN)
Міжнародний стандартний книжковий номер (ISBN) (НП) 966-311-028-7
100 ## - Основне введення – ім’я особи
Ім’я особи (НП) Лень В.С.
245 ## - Відомості про назву
Назва (НП) Управлінський облік
Решта назви (НП) навч. пос.
260 ## - Публікація, розповсюдження і т.п. (Вихідні дані)
Місце публікації, розповсюдження і т.п. (П) К.
Ім’я/ наймення видавництва, розповсюджувача і т.п. (П) Знання-Прес
Дата публікації, розповсюдження і т.п. (П) 2006
250 ## - Відомості про видання (редакцію)
-- 2-ге вид., виправлене
300 ## - Фізичний опис
Обсяг 317 с.
520 3# - Резюме і т.п.
Резюме, реферат, анотація, тощо (НП) У навчальному посібнику на системній основі розкривається сутність управлінського обліку, основним завданням якого є підготовка інформації для планування господарської діяльності, контролю роботи окремих підрозділів і підприємств у цілому та прийняття
520 3# - Резюме і т.п.
Резюме, реферат, анотація, тощо (НП) рішень на різних рівнях управління підприємством (фірмою, комерційним банком чи іншим суб’єктом господарювання) в умовах ринкової економіки. Висвітлюються також шляхи оптимізації діяльності підприємств за допомогою методів управлінського обліку. Наве
520 3# - Резюме і т.п.
Резюме, реферат, анотація, тощо (НП) дені в кінці кожного розділу задачі і тести дають можливість читачу самостійно глибоко засвоїти навчальний матеріал, здобути навички, необхідні для впровадженняу практику господарювання сучасних форм управлінського обліку.Розраховано насамперед на
520 3# - Резюме і т.п.
Резюме, реферат, анотація, тощо (НП) студентів вищих навчальних закладів, які навчаються за спеціальністю “Облік і аудит”. Посібник буде корисним також викладачам, спеціалістам-практикам, підприємцям, менеджерам усіх рівнів управління підприємством, керівникам підприємств.
650 #7 - Додаткове предметне введення – тематичний термін
Тематичний термін чи географічна назва, як елемент введення (НП) 657 Бухгалтерія. Бухгалтерський облік. Рахівництво
Джерело заголовка чи терміна UDC
942 ## - Додаткові елементи входу (Коха)
Тип елемента Koha Книги
955 ## - Код типу видання за змістом
Код типу видання за змістом (НП) Навчальні видання
Фонди
Стан вилучень Стан втрат Джерело класифікації або схеми стелажів Стан уражень Не для кредиту Постійне місце розташування Поточне розміщення Дата придбання Джерело придбання Вартість, звичайна ціна покупки Інвентарний номер Усього замовленно Повний номер виклику Штрих-код Дата останнього перегляду Ціна ефективна від Тип елемента Koha Дата останньої перевірки
    Universal Decimal Classification     ЧЗ - Читальна зала ЧЗ - Читальна зала 29/06/2010 57/2010 34.30 128301   657.15(075.8) Л46 128301 08/02/2022 29/06/2010 Книги  
    Universal Decimal Classification     ЧЗ - Читальна зала ЧЗ - Читальна зала 29/06/2010 57/2010 34.30 128302   657.15(075.8) Л46 128302 08/02/2022 29/06/2010 Книги  
    Universal Decimal Classification     ЧЗ - Читальна зала ЧЗ - Читальна зала 29/06/2010 57/2010 34.30 128303 1 657.15(075.8) Л46 128303 08/02/2022 29/06/2010 Книги 09/10/2020